000 01876cam a22003854a 4500
001 15599607
003 OSt
005 20140310182524.0
008 090123s2010 maua 001 0 eng
010 _a 2009002936
016 7 _a101494266
_2DNLM
020 _a9780763758431 (pbk.)
020 _a0763758434 (pbk.)
035 _a(OCoLC)ocn300396914
040 _aDNLM/DLC
_cDLC
_dBTCTA
_dYDXCP
_dNLM
_dC#P
_dDLC
042 _apcc
050 0 0 _aRS 57
_b.D53 2010
082 0 0 _a615/.1401513
100 1 _aNancy DiDona.
_99440
245 1 0 _aMath for healthcare professionals :
_bdosage calculations and fundamentals of medication administration /
_cNancy DiDona.
260 _aSudbury, Mass. :
_bJones and Bartlett Publishers,
_cc2010.
300 _a191 p. :
_bill. ;
_c28 cm.
500 _aIncludes index.
504 _aIncludes bibliographical references and index.
505 0 _aBasic math skills -- Organizing mathematics for medication administration -- Medication administration safety -- Identifying labels, syringes, and intravenous bags -- Executing physicians orders -- Intravenous solutions and medication administration -- Calculating adult dosages -- Pediatric dosages and medicating children -- Comprehensive examination I -- Comprehensive examination II.
650 0 _aPharmaceutical arithmetic.
_97809
650 0 _aMedicine
_xMathematics.
_99445
650 1 2 _aDrug Dosage Calculations
_vProblems and Exercises.
_99446
650 1 2 _aPharmaceutical Preparations
_xadministration & dosage
_vProblems and Exercises.
_99447
650 2 2 _aMathematics
_vProblems and Exercises.
_99448
906 _a7
_bcbc
_corignew
_d1
_eecip
_f20
_gy-gencatlg
942 _2lcc
_cSSLC
999 _c14051
_d14051